00470nam a2200169Ia 4500008004100000041001200041082002400053100003900077245004300116365000700159520001200166546001200178630004300190650001200233655001200245730004300257101110s9999 xx 000 0 und d aMARATHI bSR11182a891.463009 aKanade M.S., Khandekar Bhalchandra aGabhara ( Khandekar - Vangmaysamatol ) b25 aMarathi aMARATHI aGabhara ( Khandekar - Vangmaysamatol ) aMarathi aMarathi aGabhara ( Khandekar - Vangmaysamatol )